000
00216nam a22000857a 4500
008
170329b xxu||||| |||| 00| 0 eng d
100
_9
3055
_a
CBSE
245
_a
Sample Paper I Technology-X
260
_a
New Delhi
_b
CBSE
_c
2010
999
_c
6323
_d
6323